000 00582nam a2200205 4500
010 _aA-905585
020 _a1856279162
035 _aA-905585
037 _bCen Lib / Ret
040 _aDPL
_bEN
082 _a724.9
_bPEE
100 _aRichards, J. M.
245 _aAn introduction to modern architecture /
_cby J M Richards
260 _aLondon
_bCassell
_c1996
270 _aGrange Yard
_bLondon
300 _a128p ;
_c27cm(Hb)
650 _a Architecture, Modern -- 20th century.
650 _aArchitecture, Modern.
942 _2ddc
_cEN
_h724.9
_mPEE
999 _c137089
_d137089